Introductory mycology / (Record no. 7079)

MARC details
000 -LEADER
fixed length control field 01120cam a2200349 a 4500
001 - CONTROL NUMBER
control field 806629
003 - CONTROL NUMBER IDENTIFIER
control field OSt
005 - DATE AND TIME OF LATEST TRANSACTION
control field 20210901144047.0
008 - FIXED-LENGTH DATA ELEMENTS--GENERAL INFORMATION
fixed length control field 960620s1996 xxu|||| |||| 00||0|eng
010 ## - LIBRARY OF CONGRESS CONTROL NUMBER
LC control number 95-20699
020 ## - INTERNATIONAL STANDARD BOOK NUMBER
International Standard Book Number 9780471522294 (cloth : alk. paper)
020 ## - INTERNATIONAL STANDARD BOOK NUMBER
International Standard Book Number 0471522295 (cloth : alk. paper)
035 ## - SYSTEM CONTROL NUMBER
System control number (OCoLC)33012821
040 ## - CATALOGING SOURCE
Original cataloging agency DNLM
Transcribing agency DDC
041 0# - LANGUAGE CODE
Language code of text/sound track or separate title eng
060 00 - NATIONAL LIBRARY OF MEDICINE CALL NUMBER
Classification number QK 603
Item number A384i 1996
082 ## - DEWEY DECIMAL CLASSIFICATION NUMBER
Classification number 579.5ALE1996
100 1# - MAIN ENTRY--PERSONAL NAME
Personal name Alexopoulos, Constantine John,
Dates associated with a name 1907-1986.
9 (RLIN) 14573
245 10 - TITLE STATEMENT
Title Introductory mycology /
Statement of responsibility, etc. Edited by Alexopoulos C.J. ,Mims C.W and Blackwell M.
250 ## - EDITION STATEMENT
Edition statement 4th ed.
260 ## - PUBLICATION, DISTRIBUTION, ETC. (IMPRINT)
Place of publication, distribution, etc. New York :
Name of publisher, distributor, etc. Wiley,
Date of publication, distribution, etc. 1996.
300 ## - PHYSICAL DESCRIPTION
Extent x, 869p. :
Other physical details ill.
Dimensions 24cm
336 ## - CONTENT TYPE
Content type term text
Content type code txt
Source rdacontent
337 ## - MEDIA TYPE
Media type term unmediated
Media type code n
Source rdamedia
338 ## - CARRIER TYPE
Carrier type term volume
Carrier type code nc
Source rdacarrier
504 ## - BIBLIOGRAPHY, ETC. NOTE
Bibliography, etc Includes bibliographical references, glossary and indexes.
650 12 - SUBJECT ADDED ENTRY--TOPICAL TERM
Topical term or geographic name as entry element Biology
Authority record control number https://id.nlm.nih.gov/mesh/D005658
9 (RLIN) 5602
700 1# - ADDED ENTRY--PERSONAL NAME
Personal name Mims, Charles W.
9 (RLIN) 14575
700 1# - ADDED ENTRY--PERSONAL NAME
Personal name Blackwell, Meredith.
9 (RLIN) 14577
942 ## - ADDED ENTRY ELEMENTS (KOHA)
Source of classification or shelving scheme Dewey Decimal Classification
Koha item type Open Shelf
Holdings
Withdrawn status Lost status Source of classification or shelving scheme Damaged status Not for loan Home library Current library Date acquired Source of acquisition Inventory number Total Checkouts Full call number Barcode Date last seen Price effective from Koha item type
    Dewey Decimal Classification     MUST Main Library MUST Main Library 01/09/2021 Purchase 13/37113   579.5ALE1996 2021-0769 01/09/2021 01/09/2021 Open Shelf
    Dewey Decimal Classification     MUST Main Library MUST Main Library 01/09/2021 Purchase 12/35864   579.5ALE1996 2021-0770 01/09/2021 01/09/2021 Open Shelf
    Dewey Decimal Classification     MUST Main Library MUST Main Library 01/09/2021 Purchase 12/35862   579.5ALE1996 2021-0775 01/09/2021 01/09/2021 Open Shelf
    Dewey Decimal Classification     MUST Main Library MUST Main Library 01/09/2021 Purchase 12/35863   579.5ALE1996 2021-0776 01/09/2021 01/09/2021 Open Shelf
    Dewey Decimal Classification     MUST Main Library MUST Main Library 01/09/2021 Purchase 12/35866   579.5ALE1996 2021-0777 01/09/2021 01/09/2021 Open Shelf
    Dewey Decimal Classification     MUST Main Library MUST Main Library 01/09/2021 Purchase 12/35865   579.5ALE1996 2021-0778 01/09/2021 01/09/2021 Open Shelf
    Dewey Decimal Classification     MUST Main Library MUST Main Library 02/09/2021 Purchase 05/23459   579.5ALE1996 2021-0809 02/09/2021 02/09/2021 Open Shelf
    Dewey Decimal Classification     MUST Main Library MUST Main Library 02/09/2021 Purchase 05/23460   579.5ALE1996 2021-0820 02/09/2021 02/09/2021 Open Shelf
    Dewey Decimal Classification     MUST Main Library MUST Main Library 02/09/2021 Purchase 04/22705   579.5ALE1996 2021-0823 02/09/2021 02/09/2021 Open Shelf